{"text_format":"3","workbook":"xlsx","n_sheets":1,"sheets":["Sheet1"],"not_rendered":{"comments":1},"read":"whole","date_system":"1900"}

{"sheet":"Sheet1","index":0,"n_rows":35,"n_cols":8,"rows_kept":35,"merged":[[0,0,0,7],[34,1,34,3],[34,4,34,7]]}
["动物工程系 2024-2025学年第一学期第二批实验耗材清单"]
["序号","耗材品名","型号规格","单位","数量","参考单价","单项控制价","类别"]
[1,"95%酒精","500毫升/瓶","瓶",200,10,{"$f":"E3*F3","v":2000},"实验耗材"]
[2,"酒精棉球","500g/包，单个0.2克","袋",50,20,{"$f":"E4*F4","v":1000},"实验耗材"]
[3,"黑色垃圾袋","40*60厘米","个",500,0.5,{"$f":"E5*F5","v":250},"实验耗材"]
[4,"医用垃圾袋","40*60厘米，系绳手提","个",500,0.5,250,"实验耗材"]
[5,"医用垃圾袋","40*60厘米，系绳手提","个",500,0.5,250,"实验耗材"]
[6,"75%酒精","500毫升/瓶","瓶",200,10,2000,"实验耗材"]
[7,"氯化钠","化学纯，500g","瓶",5,10,50,"实验耗材"]
[8,"一次性注射器","20ml（50支/包）","包",5,30,150,"实验耗材"]
[9,"一次性注射器","2.5ml（100支/包）","包",20,20,400,"实验耗材"]
[10,"一次性注射器","5ml（100支/包）","包",20,25,500,"实验耗材"]
[11,"一次性注射器","10ml（100支/包）","包",20,25,500,"实验耗材"]
[16,"医用冷藏柜","美菱医疗冷藏柜，2-8℃。680L，双开门","台",1,3000,3000,"实验耗材"]
[17,"恒温培养摇床","THZ-XL 小型制冷款","台",1,5800,5800,"实验耗材"]
[18,"禽采血针","5ml（100支/包）","包",10,30,300,"实验耗材"]
[19,"禽采血针","10ml（100支/包）","包",5,30,150,"实验耗材"]
[20,"革兰氏染色液","20ml*4一套，新效期","套",20,40,800,"实验耗材"]
[21,"香柏油（显微镜用）","25ml","瓶",20,15,300,"实验耗材"]
[22,"擦镜纸","10*7.5","本",100,2,200,"实验耗材"]
[23,"吸水纸","100张/盒","盒",100,5,500,"实验耗材"]
[24,"显微镜镜头专用清洗剂","50毫升/瓶","瓶",20,45,900,"实验耗材"]
[25,"载玻片","帆船牌，带盖玻片","盒",10,8,80,"实验耗材"]
[26,"灭菌指示胶带","防水型","个",5,35,175,"实验耗材"]
[27,"封口膜","PM996","盒",2,130,260,"实验耗材"]
[28,"无菌采样袋","12*18cm，100个/包","包",5,30,150,"实验耗材"]
[29,"试管刷","直径5厘米","个",20,8,160,"实验耗材"]
[30,"试管刷","直径3.5厘米","个",20,5,100,"实验耗材"]
[33,"烧杯刷","500毫升烧杯刷","个",10,8,80,"实验耗材"]
[34,"烧杯刷","100毫升烧杯刷","个",10,5,50,"实验耗材"]
[35,"15毫升离心管无菌","螺口尖底，独立包装灭菌","包",5,30,150,"实验耗材"]
[36,"1.5毫升离心管无菌","连盖尖底，无菌级别","包",5,50,250,"实验耗材"]
[37,"25种细菌微生物标本","红树林","套",1,280,280,"实验耗材"]
[38,"细菌冻存液","索莱宝，50毫升/瓶","瓶",2,110,220,"实验耗材"]
[null,"总控制价（元）：",null,null,{"$f":"SUM(G3:G34)","v":21255}]